=LDR 00000nam 2200000 4500 =001 INLIS000000000011860 =005 20130612103417 =008 ***********************************Ind** =035 ##$$0010-061300000011860 =041 ##$$a Ind =082 ##$$a 440 =090 ##$$a 440, Mah b =100 ##$$a Mahluddin, Danny =245 ##$$a Bahasa Perancis sehari-sehari, Denny Mahluddin =260 ##$$a 2003 $b Jakarta:Kesaint Blance =300 ##$$a vi, 185 hlm., ilus: 18 cm =650 ##$$a Bahasa Prancis =850 ##$$a NBPNMAT =990 ##$$a 0131/BPAP-NTB/2017